000 00274nam a22001217a 4500
020 _a0-7214-1926-7
082 _a823
_bMCD/F
100 _aDONALD, ALAN MAC
245 _aFORGETFULO LITTLE FOREMAN
260 _aUK
_bLADYBIRD
650 _aENGLISH SHORT STORY
_zUK
942 _cBK
999 _c4429
_d4429